000
00342 a2200169 4500
001
182795
020
_a
040
_c
Magnum
100
_a
Malba Tahan
240
1
0
_a
O homem que calculava
_l
por
245
1
0
_a
O homem que calculava
300
_a
258
362
0
_a
2004
440
1
_a
Record
697
_a
LITERATURA GERAL
942
_c
BK
999
_c
182795
_d
182795